00532nam a2200169Ia 4500003000400000008004100004040001600045082001300061100002100074245013100095260004800226300001000274650001000284650001900294650002400313650002500337GCL140319s9999 xx 000 0 eng d aGCL / cGCL04a598bB H1 aBROOKS, J.DUNCAN10aHANDBOOK OF THE BIRDS OF EUROPE AND THE MIDDLE EAST AND NORTH AFRICA: THE BIRDS OF THE WESTERN PALEARCTIC / cBROOKS, J.DUNCAN a[S.N] : bOXFORD UNIVERSITY PRESS ، c1994 a899 P04aBIRDS04aBIRDS - EUROPE04aBIRDS - MIDDLE EAST04aBIRDS - NORTH AFRICA